000 00985nas a2200313 4500
001 BR0601193
003 BR-BrBNA
005 20231205105906.0
007 ta
008 230509b bl.|||p| |||| 00| 00por d
040 _aBR-BrBNA
_bpor
_cBiblioteca Nacional de Agricultura
041 _a(Pt)
072 _aP33; F61
100 1 _aMedeiros, R.D. de
100 1 _aSoares, A.A.
100 1 _aGuimatrães, R.M.
245 1 _aCompactação do solo e manejo da água; 1: efeitos sobre a absorção de N, P, K, massa seca de raízes e parte aérea de plantas de arroz
650 _aORYZA SATIVA
650 _aARROZ
650 _aPRODUÇÃO VEGETAL
650 _aCOMPACTAÇÃO DO SOLO
650 _aUMIDADE DO SOLO
650 _aNITROGÊNIO
650 _aFÓSFORO
650 _aPOTÁSSIO
773 0 _tCiência e Agrotecnologia (Brazil)
_xISSN 1413-7054
_g(Sep-Oct 2005), v. 29(5) p. 940-947
_wBR0601193
909 _a202311
_bLúcia
_c55
_dLúcia Elande
942 _2AGRIS
_n0
_cANA
999 _c185218
_d185218